Die neuen Aufgaben von Gericht und Staatsanwalt: Konferenz von Richtern und Staatsanwälten am 17. und 18. Dezember 1955 in Leipzig

Gespeichert in:  
Bibliographische Detailangaben
Körperschaft: Deutschland. DDR (BeteiligteR)
Medienart: Druck Buch
Sprache:Deutsch
Veröffentlicht: Berlin Dt. Zentralverl. 1956
In:Jahr: 1956
Bestand in Albert-Krebs Bibliothek:LC.75.029
1997-847
Verfügbarkeit prüfen: HBZ Gateway
Subito Bestelldienst: Jetzt bestellen.
Schlagwörter:

MARC

LEADER 00000cam a2200000 c 4500
001 197109497
003 DE-627
005 20260206202908.0
007 tu
008 960427s1956 xx ||||| 00| ||ger c
035 |a (DE-627)197109497 
035 |a (DE-603)126758220 
035 |a (DE-576)9197109495 
035 |a (DE-599)GBV197109497 
035 |a (OCoLC)179234973 
035 |a (OCoLC)179234973 
040 |a DE-627  |b ger  |c DE-627  |e rakwb 
041 |a ger 
044 |c XA-DDDE 
084 |a 2,1  |2 ssgn 
245 0 4 |a Die neuen Aufgaben von Gericht und Staatsanwalt  |b Konferenz von Richtern und Staatsanwälten am 17. und 18. Dezember 1955 in Leipzig  |c Hrsg.: Ministerium der Justiz der Dt. Demokratischen Republik 
264 1 |a Berlin  |b Dt. Zentralverl.  |c 1956 
300 |a 90 S.  |c 21 cm 
336 |a Text  |b txt  |2 rdacontent 
337 |a ohne Hilfsmittel zu benutzen  |b n  |2 rdamedia 
338 |a Band  |b nc  |2 rdacarrier 
650 4 |a Gerichtsverfassung  |7 (dpeaa)DE-2619 
650 4 |a Staatsanwaltschaft  |7 (dpeaa)DE-2619 
651 7 |0 (DE-588)4011890-3  |0 (DE-627)104732415  |0 (DE-576)20889621X  |a Deutschland  |g DDR  |2 gnd  |7 (dpeaa)DE-2619 
655 7 |a Konferenzschrift  |0 (DE-588)1071861417  |0 (DE-627)826484824  |0 (DE-576)433375485  |2 gnd-content 
710 2 |a Deutschland  |g DDR  |b Ministerium der Justiz  |0 (DE-588)1001855-4  |0 (DE-627)102982139  |0 (DE-576)191143464  |4 oth 
889 |w (DE-627)412886014 
935 |a mkri 
935 |h HEB  |i 0501 
935 |h HEB  |i 0503 
951 |a BO 
ELC |b 1 
LOK |0 000 xxxxxcx a22 zn 4500 
LOK |0 001 419626445X 
LOK |0 003 DE-627 
LOK |0 004 197109497 
LOK |0 005 20221011150651 
LOK |0 008 221011||||||||||||||||ger||||||| 
LOK |0 035   |a (DE-2619)k01975 
LOK |0 040   |a DE-2619  |c DE-627  |d DE-2619 
LOK |0 092   |o n 
LOK |0 541   |e Bestand Albert-Krebs-Bibliothek: 1997-847 
LOK |0 852   |a DE-2619 
LOK |0 852 1  |c LC.75.029  |m p  |9 00 
LOK |0 935   |a kreb 
LOK |0 938   |k p 
LOK |0 939   |a 11-10-22  |b l01 
ORI |a SA-MARC-krimdoka001.raw